Statistiques concernant Pays du Moyen-Orient

Cliquez ici pour prendre le quiz!

Statistiques générales

  • Ce quiz a été pris 5,085 fois
  • Le résultat moyen est 16 sur 17

Statistiques - réponses

Pays % Correct
Iran
98%
Irak
97%
Arabie Saoudite
97%
Israël
97%
Palestine
96%
Syrie
95%
Jordanie
94%
Yémen
94%
Oman
93%
Turquie
93%
Qatar
92%
Émirats arabes unis
92%
Liban
91%
Égypte
87%
Koweït
87%
Bahreïn
79%
Chypre
72%

Distribution des résultats

Percentile by Number Answered

% des personnes avec chaque résultat

Votre développement - résultats

Vous n’avez pas pris ce quiz